00762nam a2200253 a 4500001001300000003000900013005001700022008004100039020002500080082001300105100002100118245007200139260003300211300000900244500003500253505001500288650001300303650002700316700002100343902000800364942000700372952011400379999001500493nice12345678IN_TiNIC20260116013151.0050524s1990 newa grp 000 0 eng  a088344X c955.500a266bARB aArbuckle, Gerald aEarthing the Gospelb an Inculturation Handbook for Pastoral Worker aNew YorkbOrbis Books c1990 a236p aincludes index and biblioraphy2 aReferences aMissions aTheology-Inculturation1 aArbuckle, Gerald bSRS cBK 001040708StackRoom-aHMIbHMId2007-07-11g955.50l0o266 ARBp017138r2007-07-11v955.50w2005-05-24yBK c9948d9948